000 01020cam a2200265 i 4500
001 359521
003 OSt
005 20160512110115.0
008 770613s1978 nyu 101 0 eng
010 _a 77023048
020 _a0893350338
040 _aSEKU
050 0 0 _aRC 480.55
_b.B38
245 0 0 _aBasic principles and techniques in short-term dynamic psychotherapy /
_cedited by Habib Davanloo.
260 _aNew York :
_bSpectrum Publications,
_cc1978.
300 _a555 p. ;
_c24 cm.
500 _aBased on the proceedings of the First and Second International Symposia on Short Term Dynamic Psychotherapy.
500 _aIncludes index.
650 0 _aBrief psychotherapy
_xCongresses.
650 0 _aPsychoanalysis
_xCongresses.
700 1 _aDavanloo, Habib.
711 2 _aInternational Symposium on Short-Term Dynamic Psychotherapy
_n(1st :
_d1975 :
_cMontréal, Québec)
711 2 _aInternational Symposium on Short-Term Dynamic Psychotherapy
_n(2nd :
_d1976 :
_cMontréal, Québec)
942 _2lcc
_cGEN
999 _c13868
_d13868